| 000 | 00722cab a2200205 4500 | ||
|---|---|---|---|
| 001 | ABS37127 | ||
| 008 | 090401t1986 xxu||||| |||| 00| 0 eng d | ||
| 035 | _a(Sirsi) u2449 | ||
| 041 | _aeng | ||
| 100 | _aClark, P. | ||
| 245 | _aWhen is a partnership the best option? | ||
| 260 | _c1986 | ||
| 350 | _a0 | ||
| 490 |
_aEstates Times _v(870) 14 November 1986, 12(1) |
||
| 520 | _aBrief consideration of the merits of a joint venture , illustrating various aspects by using an example of an agreement between a landowner with no development expertise and a developer looking for land on which to develop. | ||
| 650 | _aPROPERTY DEVELOPMENT | ||
| 690 | _aPROPERTY LAW AND PRACTICE | ||
| 942 | _n0 | ||
| 948 | _c04/03/1997 | ||
| 999 |
_c1480 _d1480 |
||